Statistics for Movies by Letter - P

Click here to take the quiz!

General Stats

  • This quiz has been taken 138 times
  • The average score is 9 of 25

Answer Stats

HintAnswer% Correct
Toy Story studioPixar Animation Studios
97%
Color of Gene Wilder's coat in Willy Wonka & the Chocolate Factorypurple
89%
Won an Oscar for her performance in Black SwanNatalie Portman
80%
Most famous shower scene in cinemaPsycho
80%
Inspector Clouseau's prized gemthe Pink Panther
66%
The Fleischer brothers' brawniest star, complete with a pipe and spinachPopeye
61%
Molly Ringwald's Andie rejects Jon Cryer's DuckiePretty in Pink
46%
The most iconic movie theater concessionpopcorn
41%
A small hero arrives in London from darkest PeruPaddington
39%
Jedi in trainingpadawan
35%
Guess Who's Coming to Dinner starSidney Poitier
29%
Gene Hackman in a capsized ocean linerThe Poseidon Adventure
28%
Live-action Disney film about a young energetic redheadPippi Longstocking
23%
Skipper, Kowalski, Rico, and PrivateThe Penguins of Madagascar
22%
Featured Disney's first princess in the twenty-first centuryThe Princess and the Frog
22%
Groundhog Day locationPunxsutawney
19%
Large studio outside London used for James Bond and Star WarsPinewood Studios
18%
Arguably the most prestigious prize in the film industryPalme d'Or
16%
The greatest early female star, of The Poor Little Rich Girl and CoquetteMary Pickford
11%
Early French studio that was the largest in the worldPathé Frères
10%
Composer of Peter and the Wolf, made into a Disney cartoonSergei Prokofiev
10%
Kristen Stewart deals with ghosts rather than vampiresPersonal Shopper
6%
Directed This Is Not a Film while under house arrestJafar Panahi
3%
Austrian director of Diary of a Lost Girl and Pandora's BoxGeorg Wilhelm Pabst
1%
Pioneering cinema verité film about a JFK political campaignPrimary
1%

Score Distribution

Percentile by Number Answered

Percent of People with Each Score

Your Score History

You have not taken this quiz